[Event "VEN-ch U20 Girls"]
[Site "Maracay"]
[Date "2018.05.31"]
[Round "1"]
[White "Ramirez Vergara, Jemmily"]
[Black "Avila Castillo, Barbara Angelica"]
[Result "1-0"]
[WhiteElo "1722"]
[BlackElo "1443"]
[PlyCount "59"]
[EventDate "2018.05.31"]
[EventType "swiss"]
[EventRounds "7"]
[EventCountry "VEN"]
[SourceTitle "EXT 2019"]
[Source "ChessBase"]
[SourceDate "2018.10.10"]
[SourceVersion "1"]
[SourceVersionDate "2018.10.10"]
[SourceQuality "1"]

1. e4 d6 2. d4 Nf6 3. Bd3 g6 4. Be3 Bg7 5. h3 0-0 6. Qd2 Re8 7. Nf3 Nbd7 8. Nc3 e5 9. 0-0 b6 10. Nh2 Nh5 11. Bc4 Bb7 12. Ng4 exd4 13. Bxd4 Ne5 14. Bxe5 dxe5 15. Nh6+ Bxh6 16. Qxh6 Qf6 17. Rad1 Rad8 18. Rfe1 Qf4 19. Qxf4 Nxf4 20. f3 a6 21. Kf2 c5 22. a4 Rd4 23. Rxd4 cxd4 24. Ne2 Rc8 25. Bb3 d3 26. Nxf4 dxc2 27. Nd3 a5 28. Rc1 Rd8 29. Ke3 Re8 30. Rxc2 1-0

[Event "VEN-ch U20 Girls"]
[Site "Maracay"]
[Date "2018.05.31"]
[Round "7"]
[White "Vargas Ortiz, Grecia Valentina"]
[Black "Ramirez Vergara, Jemmily"]
[Result "1/2-1/2"]
[WhiteElo "1565"]
[BlackElo "1722"]
[PlyCount "24"]
[EventDate "2018.05.31"]
[EventType "swiss"]
[EventRounds "7"]
[EventCountry "VEN"]
[SourceTitle "EXT 2019"]
[Source "ChessBase"]
[SourceDate "2018.10.10"]
[SourceVersion "1"]
[SourceVersionDate "2018.10.10"]
[SourceQuality "1"]

1. Nf3 b6 2. g3 Bb7 3. Bg2 Nf6 4. 0-0 e6 5. c4 d5 6. d4 Bd6 7. Nbd2 Nbd7 8. b3 Rc8 9. Bb2 c5 10. Rc1 0-0 11. Rc2 Qe7 12. Qa1 Rfe8 1/2-1/2

[Event "VEN-ch (Women)"]
[Site "Santo Domingo"]
[Date "2018.01.09"]
[Round "1"]
[White "De Los Santos, Jennibet"]
[Black "Ramirez Vergara, Jemmily"]
[Result "1-0"]
[WhiteElo "1925"]
[BlackElo "1762"]
[PlyCount "77"]
[EventDate "2018.01.09"]
[EventType "tourn"]
[EventRounds "11"]
[EventCountry "VEN"]
[SourceTitle "CBM 182 Extra"]
[Source "ChessBase"]
[SourceDate "2018.02.23"]
[SourceVersion "1"]
[SourceVersionDate "2018.02.23"]
[SourceQuality "1"]

1. e4 e6 2. d4 d5 3. exd5 exd5 4. c4 Nf6 5. Nc3 Be6 6. c5 Be7 7. Bf4 0-0 8. Nf3 a6 9. a3 b6 10. b4 Nc6 11. Bd3 Bg4 12. Be3 a5 13. b5 Nxd4 14. Bxd4 bxc5 15. Be5 Nd7 16. Bf4 Bf6 17. Rc1 Re8+ 18. Kf1 Nb6 19. h3 Bxf3 20. Qxf3 c4 21. Bb1 d4 22. Ne4 Be7 23. Qg3 d3 24. Bxc7 Qd5 25. Be5 g6 26. Qf4 Nd7 27. Bc3 Qxb5 28. Nd6 Bxd6 29. Qxd6 Re6 30. Qd4 Nf6 31. Ba2 Rc8 32. Kg1 a4 33. Kh2 Qd5 34. Rhd1 Qc6 35. Re1 Rd6 36. Qf4 Nd5 37. Qxc4 Qxc4 38. Bxc4 Rxc4 39. Re8# 1-0

[Event "VEN-ch (Women)"]
[Site "Santo Domingo"]
[Date "2018.01.09"]
[Round "2"]
[White "Patino Garcia, Corals"]
[Black "Ramirez Vergara, Jemmily"]
[Result "1-0"]
[WhiteElo "1997"]
[BlackElo "1762"]
[PlyCount "47"]
[EventDate "2018.01.09"]
[EventType "tourn"]
[EventRounds "11"]
[EventCountry "VEN"]
[SourceTitle "CBM 182 Extra"]
[Source "ChessBase"]
[SourceDate "2018.02.23"]
[SourceVersion "1"]
[SourceVersionDate "2018.02.23"]
[SourceQuality "1"]

1. Nf3 e6 2. d3 d5 3. g3 f5 4. Bg2 Bd6 5. c4 c6 6. 0-0 Nf6 7. Nc3 0-0 8. e4 dxe4 9. dxe4 Qc7 10. exf5 exf5 11. Qc2 Na6 12. a3 Be6 13. Ne2 Nc5 14. b4 Nce4 15. c5 Be7 16. Nfd4 Bd7 17. f3 Nxg3 18. hxg3 Nh5 19. f4 Bf6 20. Bb2 g6 21. Nf3 Rac8 22. Bxf6 Rxf6 23. Ne5 Be6 24. Rfe1 1-0

[Event "San Cristobal op 3rd"]
[Site "San Cristobal"]
[Date "2016.11.13"]
[Round "7.23"]
[White "Ramirez Vergara, Jemmily"]
[Black "Blanco, Jefferson"]
[Result "1-0"]
[WhiteElo "1523"]
[BlackElo "1753"]
[PlyCount "67"]
[EventDate "2016.11.10"]
[EventType "swiss"]
[EventRounds "7"]
[EventCountry "VEN"]
[SourceTitle "EXT 2022"]
[Source "ChessBase"]
[SourceDate "2021.10.06"]
[SourceVersion "1"]
[SourceVersionDate "2021.10.06"]
[SourceQuality "1"]

1. e4 e6 2. d4 d5 3. exd5 exd5 4. Bd3 Nf6 5. Ne2 Nc6 6. 0-0 Be7 7. c3 0-0 8. Qc2 h6 9. Bf4 Nh5 10. Nd2 Re8 11. Be3 Bg5 12. Bxg5 hxg5 13. f4 g4 14. f5 Qg5 15. Rae1 Bd7 16. Kh1 a6 17. Nb3 Rad8 18. Qd2 Qf6 19. Nf4 Qg5 20. Nxh5 Qxh5 21. Nc5 Bc8 22. Rxe8+ Rxe8 23. f6 g3 24. h3 b6 25. Nxa6 Bxa6 26. Bxa6 Nd8 27. fxg7 Ne6 28. Bb5 Rd8 29. Qe3 Qg6 30. Bd3 Qxg7 31. Rf3 Kf8 32. Rxg3 Qf6 33. Rf3 Ke8 34. Rxf6 1-0

[Event "San Cristobal op 3rd"]
[Site "San Cristobal"]
[Date "2016.11.12"]
[Round "5"]
[White "Rodriguez Rojas, Miguel Antonio"]
[Black "Ramirez Vergara, Jemmily"]
[Result "1-0"]
[WhiteElo "1854"]
[BlackElo "1523"]
[PlyCount "113"]
[EventDate "2016.11.10"]
[EventType "swiss"]
[EventRounds "7"]
[EventCountry "VEN"]
[SourceTitle "EXT 2018"]
[Source "ChessBase"]
[SourceDate "2017.10.13"]
[SourceVersion "1"]
[SourceVersionDate "2017.10.13"]
[SourceQuality "1"]

1. e4 e6 2. Nf3 d5 3. Nc3 Nf6 4. d3 dxe4 5. Nxe4 Nxe4 6. dxe4 Qxd1+ 7. Kxd1 Bd7 8. Bd3 Bc6 9. Be3 Bd6 10. g3 0-0 11. Re1 Nd7 12. Nd4 Ne5 13. Nxc6 Nxc6 14. f4 Rad8 15. Ke2 e5 16. f5 Be7 17. c3 a6 18. b4 a5 19. b5 Nb8 20. a4 b6 21. Bc2 Nd7 22. Bb3 h6 23. Red1 Bc5 24. Bxc5 Nxc5 25. Bd5 Rd6 26. Rd2 Rfd8 27. Raa2 Kf8 28. Ke3 Ke7 29. h4 Kf6 30. g4 g5 31. fxg6 Kxg6 32. Rf2 f6 33. Rf5 R8d7 34. Rff2 h5 35. gxh5+ Kxh5 36. Rf5+ Kxh4 37. Rh2+ Kg4 38. Rf3 f5 39. Rg2+ Kh4 40. Rxf5 Ne6 41. Rxe5 Rg7 42. Rxg7 Nxg7 43. Re7 Rxd5 44. Rxg7 Rc5 45. Kd4 Kh5 46. e5 Kh6 47. Rg1 c6 48. e6 cxb5 49. axb5 Rc7 50. c4 Re7 51. Kd5 Rc7 52. Rg4 Kh5 53. Re4 Re7 54. Kd6 Re8 55. Kd7 Ra8 56. e7 Ra7+ 57. Kc6 1-0

[Event "VEN-ch U14 Girls"]
[Site "Caracas"]
[Date "2016.10.30"]
[Round "5.1"]
[White "Ramirez Vergara, Jemmily"]
[Black "Matute Escobar, Roxanny"]
[Result "1-0"]
[WhiteElo "1523"]
[BlackElo "1777"]
[PlyCount "51"]
[EventDate "2016.10.27"]
[EventType "swiss"]
[EventRounds "7"]
[EventCountry "VEN"]
[SourceTitle "EXT 2022"]
[Source "ChessBase"]
[SourceDate "2021.10.06"]
[SourceVersion "1"]
[SourceVersionDate "2021.10.06"]
[SourceQuality "1"]

1. e4 c5 2. c3 d6 3. Nf3 Nf6 4. Be2 Nxe4 5. Qa4+ Nc6 6. Qxe4 g6 7. d4 Bf5 8. Qe3 Qa5 9. d5 Nb8 10. Na3 Bg7 11. Nc4 Qc7 12. Nh4 Bd7 13. 0-0 0-0 14. Qg3 b5 15. Ne3 a5 16. f4 Na6 17. f5 Be5 18. Qe1 Bg7 19. Ng4 Rae8 20. Bh6 c4 21. Bxg7 Kxg7 22. Qd2 Qc5+ 23. Kh1 Rg8 24. Qh6+ Kh8 25. fxg6 fxg6 26. Rf7 1-0

[Event "VEN-ch U14 Girls 3rd"]
[Site "San Antonio"]
[Date "2016.04.03"]
[Round "5.7"]
[White "Ramirez Vergara, Jemmily"]
[Black "Morillo Rincon, Maria Gabriela"]
[Result "1-0"]
[WhiteElo "1609"]
[BlackElo "1370"]
[PlyCount "49"]
[EventDate "2016.04.01"]
[EventType "swiss"]
[EventRounds "7"]
[EventCountry "VEN"]
[SourceTitle "EXT 2022"]
[Source "ChessBase"]
[SourceDate "2021.10.06"]
[SourceVersion "1"]
[SourceVersionDate "2021.10.06"]
[SourceQuality "1"]

1. e4 d6 2. d4 g6 3. c3 Bg7 4. Be3 Nf6 5. f3 c6 6. Bc4 b5 7. Bb3 0-0 8. Qd2 a5 9. a3 Na6 10. Bh6 c5 11. Bxg7 Kxg7 12. Ne2 Bb7 13. 0-0 c4 14. Bc2 a4 15. Qg5 Nc7 16. Nd2 h6 17. Qg3 Ne6 18. Nf4 Nxf4 19. Qxf4 e5 20. dxe5 dxe5 21. Qe3 Nd7 22. Rfe1 Qb6 23. Nf1 f6 24. Rad1 Rad8 25. Rxd7+ 1-0